Welcome to Marium Abdulla Library

Embrace knowledge with a breath of fresh air.

Browse Collection

Marium Abdulla Library

Truth and Islam: (Record no. 9639)

MARC details
000 -LEADER
fixed length control field 00358nam a2200169Ia 4500
001 - CONTROL NUMBER
control field 9877
005 - DATE AND TIME OF LATEST TRANSACTION
control field 20250626030256.0
008 - FIXED-LENGTH DATA ELEMENTS--GENERAL INFORMATION
fixed length control field 211022s9999 xx 000 0 und d
082 ## - DEWEY DECIMAL CLASSIFICATION NUMBER
Classification number 297 SHA
100 ## - MAIN ENTRY--PERSONAL NAME
Personal name Shabbirul Hasan, Hafiz
245 #0 - TITLE STATEMENT
Title Truth and Islam:
260 ## - PUBLICATION, DISTRIBUTION, ETC.
Place of publication, distribution, etc. Karachi
260 ## - PUBLICATION, DISTRIBUTION, ETC.
Name of publisher, distributor, etc. Ferozsons
260 ## - PUBLICATION, DISTRIBUTION, ETC.
Date of publication, distribution, etc. 1964
300 ## - PHYSICAL DESCRIPTION
Extent 186
942 ## - ADDED ENTRY ELEMENTS (KOHA)
Koha item type Book
Holdings
Date last seen Total checkouts Full call number Barcode Price effective from Koha item type Lost status Damaged status Not for loan Collection Withdrawn status Home library Current library Shelving location Date acquired Source of acquisition Cost, normal purchase price
02/23/2022   297 SHA 9877 10/26/2021 Book       Textile   Marium Abdulla Library Marium Abdulla Library Non-Ref 02/07/2011 Shehnaz Ismail 2500.00